00963nam a22002657a 4500003000400000005001700004008004100021020001800062040000900080100002600089245009200115260006700207260004100274260004500315260005000360300001600410600002600426650001900452650005500471700002700526700002700553942001300580999001500593952008900608OSt20151019134801.0130422s2009 sp ||||| |||| 00| 0 spa d a9788492616466 cCDMR1 93232aGómez, Helios aHelios Gómezb: la Revolución gráficac editores Gabriel Gómez, Caroline Mignot a[Barcelona?]bAssociació Catalana d'Investigacions Marxistes bAssociació Cultural Helios Gómez bFundación de Investigaciones Marxistas bEdiciones de Intervención CulturalcDL 2009 a229 p.bil.1 93232aGómez, Helios0493187aGrafisme0493196aEspanyaxHistòriay1936-1939, Guerra Civil1 93233aGómez, Gabriel1 93234aMignot, Caroline 2udccMON c6115d6115 00104070aCDMRbCDMRd2013-01-16l0oBmpCDMR13046236r2013-04-22w2013-04-22yMON